| 000 | 00506nam a2200157Ia 4500 | ||
|---|---|---|---|
| 005 | 20250627175625.0 | ||
| 008 | 250627s9999 xx 000 0 und d | ||
| 020 | _a9781604134179 | ||
| 082 |
_a910.92 _bLAC |
||
| 100 | _aLace, William W. | ||
| 245 | 0 | _aSir Francis Drake | |
| 260 |
_bFacts On File _c2009 |
||
| 500 | _aDescribes the life of Sir Frances Drake, from his humble beginnings on a farm to becoming one of the country's most widely acclaimed heroes. | ||
| 650 | _aAdmirals | ||
| 942 | _cENGLISH | ||
| 999 |
_c574159 _d574159 |
||